Investing in Maternal Health : (Record no. 17180)
[ view plain ]
| 000 -LEADER | |
|---|---|
| fixed length control field | 01212cam a22003134a 4500 |
| 001 - CONTROL NUMBER | |
| control field | 12933799 |
| 005 - DATE AND TIME OF LATEST TRANSACTION | |
| control field | 20130130142400.0 |
| 008 - FIXED-LENGTH DATA ELEMENTS--GENERAL INFORMATION | |
| fixed length control field | 020917s2003 dcua b 000 0 eng |
| 010 ## - LIBRARY OF CONGRESS CONTROL NUMBER | |
| LC control number | 2002035837 |
| 020 ## - INTERNATIONAL STANDARD BOOK NUMBER | |
| International Standard Book Number | 0821353624 (pbk.) |
| 082 00 - DEWEY DECIMAL CLASSIFICATION NUMBER | |
| Classification number | 362.1 |
| Edition number | 22 |
| Item number | INV |
| 245 00 - TITLE STATEMENT | |
| Title | Investing in Maternal Health : |
| Remainder of title | Learning from Malaysia and Sri Lanka / |
| Statement of responsibility, etc | edited by Indra Pathmanathan, Jerker Liljestrand. |
| 260 ## - PUBLICATION, DISTRIBUTION, ETC. (IMPRINT) | |
| Place of publication, distribution, etc | Washington, D.C. : |
| Name of publisher, distributor, etc | World Bank, |
| Date of publication, distribution, etc | c2003. |
| 300 ## - PHYSICAL DESCRIPTION | |
| Extent | xx, 182 p. : |
| Other physical details | ill. ; |
| Dimensions | 23 cm. |
| 440 #0 - | |
| -- | Health, nutrition, and population series |
| -- | 32174 |
| 504 ## - BIBLIOGRAPHY, ETC. NOTE | |
| Bibliography, etc | Includes bibliographical references (p. 171-182). |
| 650 #0 - SUBJECT ADDED ENTRY--TOPICAL TERM | |
| Topical term or geographic name as entry element | Maternal health services |
| Geographic subdivision | Malaysia. |
| 9 (RLIN) | 32175 |
| 650 #0 - SUBJECT ADDED ENTRY--TOPICAL TERM | |
| Topical term or geographic name as entry element | Maternal health services |
| Geographic subdivision | Sri Lanka. |
| 9 (RLIN) | 32176 |
| 650 #0 - SUBJECT ADDED ENTRY--TOPICAL TERM | |
| Topical term or geographic name as entry element | Child health services |
| Geographic subdivision | Malaysia. |
| 9 (RLIN) | 32177 |
| 650 #0 - SUBJECT ADDED ENTRY--TOPICAL TERM | |
| Topical term or geographic name as entry element | Child health services |
| Geographic subdivision | Sri Lanka. |
| 9 (RLIN) | 32178 |
| 650 #0 - SUBJECT ADDED ENTRY--TOPICAL TERM | |
| Topical term or geographic name as entry element | Women |
| General subdivision | Services for |
| Geographic subdivision | Malaysia. |
| 9 (RLIN) | 32179 |
| 650 #0 - SUBJECT ADDED ENTRY--TOPICAL TERM | |
| Topical term or geographic name as entry element | Women |
| General subdivision | Services for |
| Geographic subdivision | Sri Lanka. |
| 9 (RLIN) | 32180 |
| 650 #0 - SUBJECT ADDED ENTRY--TOPICAL TERM | |
| Topical term or geographic name as entry element | Medical economics |
| Geographic subdivision | Malaysia. |
| 9 (RLIN) | 32181 |
| 650 #0 - SUBJECT ADDED ENTRY--TOPICAL TERM | |
| Topical term or geographic name as entry element | Medical economics |
| Geographic subdivision | Sri Lanka. |
| 9 (RLIN) | 32182 |
| 653 ## - INDEX TERM--UNCONTROLLED | |
| Resource For college | |
| Arrived date list | January2013 |
| 700 1# - ADDED ENTRY--PERSONAL NAME | |
| Personal name | Pathmanathan, Indra. |
| 9 (RLIN) | 32183 |
| 700 1# - ADDED ENTRY--PERSONAL NAME | |
| Personal name | Liljestrand, Jerker. |
| 9 (RLIN) | 32184 |
| 942 ## - ADDED ENTRY ELEMENTS (KOHA) | |
| Source of classification or shelving scheme | Dewey Decimal Classification |
| Item type | Book - Borrowing |
| Withdrawn status | Item status | Source of classification or shelving scheme | Damaged status | Not for loan | Vendor | Home library | Current library | Shelving location | Date acquired | Source of acquisition | Cost, normal purchase price | Serial Enumeration / chronology | Total Checkouts | Full call number | Barcode | Date last seen | Date last borrowed | Koha item type |
|---|---|---|---|---|---|---|---|---|---|---|---|---|---|---|---|---|---|---|
| Dewey Decimal Classification | THe Middle East Observer | Central Library | Central Library | First floor | 30/01/2013 | 110.00 | 001339 | 1 | 362.1 INV | 000027942 | 15/07/2025 | 06/01/2020 | Book - Borrowing |